1272 1161 1976 1974 1708 1557 1705 1466 1111 1442 1150 1067 1864 1530 1895 1142 1163 1579 1617 1683 1116 1008 1257 1348 1627 1930 1255 1354 1458 1981 1129 1520 1426 1431 1652 1366 1353 1590 1849 1980 1728 1252 1906 1103 1490 1716 1206 1912 1335 1675 1457 1756 1415 1421 1283 1740 1309 1994 1598 1579 1180 1708 1532 1019 1963 1855 1735 1229 1956 1415 1050 1249 1147 1576 1340 1834 1450 1908 1160 1850 1622 1542 1314 1508 1422 1508 1078 1833 1000 1971 1563 1862 1346 1995 1697 1629 1548 1677 1943 BCNSPRNW ULIB Ver.6.0+V

เปลี่ยนเป็นภาษาไทย

Change to English
 แสดงรายละเอียดบรรณานุกรม
  กลับหน้าหลัก

Brief Record : Get Marc (ISO 2709) : E-mail record : QR code < ปิดหน้าต่าง
LEADER : 00000nam 2200000uu 4500
001    13399126270
003     ULIB
008    180827s2561||||th 000 0 tha d
020    ^a9786169262435
060    ^aWO275 ต221
100    ^aมานี รักษาเกียรติศักดิ์ และคนอื่นๆ, [บรรณาธิการ]
245    ^aตำราวิสัญญีพื้นฐานและหน่วยงานปฏิบัติ = Basic anesthesia and procedural units
260    ^aกรุงเทพฯ :^bสำนักพิมพ์ศิริราช คณะแพทยศาสตร์ศิริราชพยาบาลมหาวิทยาลัยมหิดล,^c2560
300    ^a498 หน้า :^bภาพประกอบ, ตาราง ;^c21 ซม.
650    ^aวิสัญญีวิทยา
650    ^aยาระงับความรู้สึก
710    ^aมหาวิทยาลัยมหิดล. คณะแพทยศาสตร์ศิริราชพยาบาล
945    ^p300^l0^i004447
945    ^p300^l0^i004449
945    ^p300^l0^i004450
999    ^aประนอม เกษจรัล
รายการนี้ยังไม่มีแท็ก
คุณยังไม่ได้ล็อกอิน คุณสามารถมีกิจกรรมร่วมกับเว็บไซต์ได้ แต่ต้องล็อกอินก่อน ::
  ล็อกอิน

รายการสื่อสารสนเทศ

ลำดับที่ ประเภท เลขเรียก/บาร์โค้ด สถานที่ สถานะ
1. วิทยาศาสตร์การแพทย์ และสุขภาพ
หนังสือสำรอง
สถานะ=หนังสือสำรอง
WO275 ต221 ฉ.1 
  Barcode: 004447
ห้องสมุดวิทยาเขตสวรรค์ประชารักษ์
►หนังสือทั่วไป
ถูกยืม กำหนดส่งวันที่ 13 สิงหาคม 2566
  จอง
2. วิทยาศาสตร์การแพทย์ และสุขภาพ
วิทยาศาสตร์การแพทย์ และสุขภาพ
WO275 ต221 ฉ.2 
  Barcode: 004449
ห้องสมุดวิทยาเขตสวรรค์ประชารักษ์
►หนังสือทั่วไป
บนชั้น
3. วิทยาศาสตร์การแพทย์ และสุขภาพ
วิทยาศาสตร์การแพทย์ และสุขภาพ
WO275 ต221 ฉ.3 
  Barcode: 004450
ห้องสมุดวิทยาเขตสวรรค์ประชารักษ์
►หนังสือทั่วไป
บนชั้น

รายการใกล้เคียง
    ชื่อเรื่อง [ตำราวิสัญญีพื้นฐานและหน่วยงานปฏิบัติ = Basic anesthesia and procedural units]

    ผู้แต่ง [มานี รักษาเกียรติศักดิ์ และคนอื่นๆ, [บรรณาธิการ]]

    หัวเรื่อง [วิสัญญีวิทยา]
    หัวเรื่อง [ยาระงับความรู้สึก]

BibComment


ยังไม่เคยถูกคอมเมนท์

คอมเมนท์ทรัพยากรรายการนี้
  คอมเมนท์: ตำราวิสัญญีพื้นฐ..


 Copyright 2026. Bcnsprnw @Library